Montjuïc : Barcelona Parc Central / [Coordinació general: Joaquim Latorre] Barcelona Parc Central / [Coordinació general:
ISBN:
84-7609-504-x
Descripción Física:
227 p. : fot. col. ; 30 cm
Otros Autores:
Latorre, Joaquim
MARC
| LEADER | 00000nam a2200000Ia 4500 | ||
|---|---|---|---|
| 001 | 18755 | ||
| 008 | 160829s2007 xx 000 0 cat d | ||
| 020 | |a 84-7609-504-x | ||
| 080 | |a M-5-382 | ||
| 245 | |a Montjuïc : |b Barcelona Parc Central / [Coordinació general: |b Joaquim Latorre] | ||
| 260 | |a Barcelona: |b Barcelona de Serveis Municipals : |b Ajuntament de Barcelona, |c 2007 | ||
| 300 | |a 227 p. : |b fot. col. ; |c 30 cm | ||
| 590 | |a Hi ha un exemplar en castellà amb R. 18756 | ||
| 650 | |a Montjuïc (Barcelona) |x Fotografies |9 44691 | ||
| 650 | |a Montjuïc (Barcelona) |x Història |9 44692 | ||
| 700 | 1 | |a Latorre, Joaquim |9 44693 | |
| 710 | 1 | |a Barcelona (Catalunya). |b Ajuntament |9 50981 | |
| 901 | |a Arxiu | ||
| 942 | |n 1 | ||
| 952 | |0 0 |1 0 |4 0 |6 M5382 |7 1 |9 52115 |a Arxiu |b Arxiu |d 2016-12-01 |l 0 |o M-5-382 |p 18755 |r 2016-12-01 00:00:00 |w 2016-12-01 |y ARXIU | ||
| 999 | |c 55963 |d 55963 | ||